000 00320nam a2200133 4500
005 20260530115301.0
100 1 _aVarios
245 1 0 _aICONOS del Diseño
264 1 _bArchitectural Digest
_c2021
300 _a156 páginas
336 _atexto
_2rdacontent
337 _asin medio
_2rdamedia
338 _avolumen
_2rdacarrier
999 _c12841
_d12841